000 00561nam a2200157Ia 4500
008 210716s2011 xx 000 0 und d
020 _a97814422159743
041 _aeng
082 _a658.4092 BEEM
100 _aBeer, Michael; Eisenstat, Russell; Foote, Nathaniel; Fredberg, Tobias; Norrgren, Flemmign.
245 _aHigher ambition :how great leaders create economic and social value.
_bhow great leaders create economic and social value.
250 _a1
260 _aBoston
_bHarvard Business School Press
_c2011
300 _a247
650 _aLeadership
999 _c206806
_d206806